Quizzes
Events
Quiz Creation
Community
Videos
Private Events
Remove Ads
Sign In
Join for FREE
Feedback
Dark Mode
Quiz Categories
Sports
Geography
Music
Movies
Television
Just For Fun
Miscellaneous
History
Literature
Language
Science
Gaming
Entertainment
Religion
Holiday
For Kids
Quiz Lab
Recent
Popular Today
Quiz Kudos Today
Editor Picks
Curator Picks
Quizzes by...
Day
Popularity
Type
Ratings
Length
Year
Community
Subscriptions
Recent Discussions
Orange Saloon
Badges
Playlists
Quests
Create
Leaderboards
Showdown
Live 5
Trivia Bingo
Activity
Puzzle Library
Sporcle Events
Private Events
Virtual Trivia
Globe League
Become a Host
Pub Owners
SporcleCon
Opinionation
Our Games
Videos
Blog
Mobile Apps
Partnerships
Remove Ads and Go Orange
Feedback
Music
Pop Music
The Beatles
Song
Album
Lyrics
Bands
Singers
Artist
Clip
Rock
Rap
Classical
Billboard
Country Music
Kpop
Taylor Swift
Music
Pop Music
The Beatles
Song
Album
Lyrics
Bands
Singers
Artist
Clip
Rock
Rap
Classical
Billboard
Country Music
Kpop
Taylor Swift
Random Quiz
Search Sporcle
×
Curator Pick
Curator Pick
Music
Lyrics
Type in answers that appear in a list
Type in answers that appear in a list
Classic
Best Score? Go Orange.
Bob Dylan Songs by Opening Lyrics Stats
Can you name the Bob Dylan songs by their opening lyrics?
By
Handle1
8m
20 Questions
937 Plays
937 Plays
937 Plays
Comments
Comments
Give Quiz Kudos
Give Quiz Kudos
-
- Ratings
hide this ad
Forced Order
Answers have to be entered in order
Answers have to be entered in order
Replay
Link that replays current quiz
Next Quiz
Link to next quiz in quiz playlist
You Got
0%
They Got
Avg Score
62%
Avg Friend Score
Upgrade to see
Score Distribution
Jump to the score distribution portion of the page
Score
0/20
Timer
08:00
0
Plays Today
Lyrics
Song
% Correct
How many roads must a man walk down before you call him a man?
Blowin' in the Wind
99.3%
Once upon a time you dressed so fine, You threw the bums a dime in your prime, didn't you?
Like a Rolling Stone
95.1%
'There must be some way out of here,' said the joker to the thief,
All Along the Watchtower
91.2%
Early one mornin' the sun was shinin', I was layin' in bed
Tangled Up in Blue
85.5%
Pistol shots ring out in the barroom night, Enter Patty Valentine from the upper hall.
Hurricane
81.4%
Johnny's in the basement, Mixing up the medicine. I'm on the pavement, Thinking about the government.
Subterranean Homesick Blues
80.1%
Well, they'll stone ya when you're trying to be so good,
Rainy Day Women #12 & 35
78.2%
May God bless and keep you always, May your wishes all come true,
Forever Young
75.3%
'Twas in another lifetime, one of toil and blood, When blackness was a virtue and the road was full of mud
Shelter from the Storm
69.7%
They're selling postcards of the hanging. They're painting the passports brown.
Desolation Row
69.6%
Lyrics
Song
% Correct
Nobody feels any pain Tonight as I stand inside the rain. Ev'rybody knows That Baby's got new clothes.
Just Like a Woman
68.6%
Ain't it just like the night to play tricks when you're tryin' to be so quiet?
Visions of Johanna
58.8%
Someone's got it in for me, they're planting stories in the press.
Idiot Wind
57.2%
My love she speaks like silence, without ideals or violence,
Love Minus Zero/No Limit
51.3%
A bullet from the back of a bush took Medgar Evers' blood.
Only a Pawn in Their Game
39.8%
You may be an ambassador to England or France, You may like to gamble, you might like to dance,
Gotta Serve Somebody
39.6%
Shadows are falling and I been here all day. It's too hot to sleep and time is running away.
Not Dark Yet
36.2%
Standing on the waters casting your bread, While the eyes of the idol with the iron head are glowing.
Jokerman
35.4%
A worried man with a worried mind, No one in front of me and nothing behind.
Things Have Changed
30.6%
Twilight on the frozen lake, North wind about to break, On footprints in the snow,Silence down below.
Never Say Goodbye
8.9%
Quiz Playlist
Details
Report
Send in Message
Add To Playlist
Classic:
Type in answers that appear in a list
Forced Order:
Answers have to be entered in order
Last Updated: Feb 16, 2017
Curator Pick in
Lyrics
Quiz Scoreboard
CHALLENGE
Sign Up to Join the Scoreboard
Show All
Scores
Hide
Comments
May contain spoilers
Recently Published
Presidents Visiting Landmarks
by Hejman
History
7m
An Introduction to Baseball
by treessimontrees
Sports
5m
Movies - When Are They Set?
by FPL_Elf
Movies
5m
More to Explore
Quiz From the Vault
Featured Blog Post
Where Did the Easter Bunny Come From?
hide this ad
You Might Also Like...
Tags
Lyrics Quiz
Song Quiz
bob
Bob Dylan
Dylan
Today's Top Quizzes in Music
Browse Music
hide this ad
Today's Top Quizzes in Lyrics
Browse Lyrics
Top Contributed Quizzes in Music
1
Taylor Swift All Songs (2024)
2
Guess the Artist- 70s Songs
3
One Thing in Common: Music
4
KPOP LOGIC QUIZ
5
2010s Album by Cover III
6
Taylor Swift Logic Puzzle
7
Guess the Taylor Swift song (Mystery Song)
8
7-to-1: Billboard Hot 100 #1 Hits of 2010s
9
2010s Album by Cover IV
10
2010s Album by Cover V
Explore More
Trending Topics
Anime
Marvel
Crossword
Harry Potter
Kpop
Disney
NBA
Pokémon
The Office
Country
Song
NFL
WWE
Soccer
Puzzle
hide this ad
More By:
Handle1
Quiz
Plays
Rating
Category
Featured
Created
The Beatles in Latin
73,994
4.56
Language
Aug 17, 2010
Greek or Latin?
72,911
4.67
Language
Jun 21, 2011
Novels in Latin
53,824
4.35
Language
Sep 23, 2010
The Beatles in Latin II
37,324
4.36
Language
May 22, 2011
Phonetic Beatles Songs
28,102
4.67
Music
May 2, 2011
Go to Creator's Profile
Score Distribution
Quiz Creator Spotlight
Handle1
Follow
Send a Message
Quizzes Created
-
Created Quiz Play Count
-
More By This Creator
Popular Quizzes Today
1
Find the Countries of Europe - No Outlines Minefield
2
Find the US States - No Outlines Minefield
3
The Countries of the World
4
Popular People in 1961
5
Find the US States
6
US States
7
1-10 Letter E Words III
8
Risky Map Clicking: Biggest States A-Z
More Music Quizzes
Drummers!
Quiz Lab
Trending Quizzes
Risky Map Clicking: Least Populous States A-Z
1-10 Letter F Words
1-10 Letter G Words
One Thing in Common: United Kingdom
Risky Map Clicking: Next State Alphabetically
Recently Updated
Leaping Animals
pecheneg
Reality TV Shows (A-Z)
bhenderson79
Rickey Henderson's Hall of Fame Teammates
pecheneg
Champions League XIs: Arsenal
pecheneg
Quick Pick: Celebrities in WWE's Hall of Fame
aduchscher
A-Z Keypad Blitz II
pecheneg
Multiple Oscar Actors
pecheneg
Mystery Phrase Blitz: Oscar 'Best Actors'
pecheneg
F. Scott Fitzgerald Novels
LTH
Pick 3 Villains
ddd62291
Trending Topics
Crossword
Marvel
Disney
Harry Potter
Kpop
Anime
NBA
The Office
Soccer
WWE
Puzzle
NFL
Pokémon
Song
Country
Your Account Isn't Verified!
In order to create a playlist on Sporcle, you need to verify the email address you used during registration. Go to your
Sporcle Settings
to finish the process.
Report this User
Report this user for behavior that violates our
Community Guidelines
.
Details:
Send Report
Go to the Sporcle.com Mobile Site →
Comments